| 000 | 00994cam a22002653a 4500 | ||
|---|---|---|---|
| 001 | 11310 | ||
| 003 | PGUSA | ||
| 005 | 20140828083235.0 | ||
| 008 | 040201s2004||||xxu|||||s|||||000 | eng d | ||
| 040 |
_aPGUSA _beng |
||
| 042 | _adc | ||
| 050 | 4 | _aPK | |
| 245 | 1 | 0 |
_aHindu Tales from the Sanskrit _h[electronic resource] |
| 260 |
_bProject Gutenberg, _c2004 |
||
| 505 | 0 | _aThe magic pitcher -- The story of a cat, a mouse, a lizard and an owl -- A royal thief-catcher -- The magic shoes and staff -- The jewelled arrow -- The beetle and the silken thread -- A crow and his three friends -- A clever thief -- The hermit's daughter. | |
| 506 | _aPublic domain in the USA. | ||
| 516 | _aElectronic text | ||
| 653 | _aSanskrit literature -- Translations into English | ||
| 653 | _aTales -- India | ||
| 700 | 1 |
_aMitra, Siddha Mohana, _d1856-1925 |
|
| 700 | 1 |
_aD'Anvers, N., _d-1933 |
|
| 830 | 0 |
_aProject Gutenberg _v11310 |
|
| 856 | 4 | 0 | _uhttp://www.gutenberg.org/ebooks/11310 |
| 942 | _cEB | ||
| 999 |
_c240565 _d240565 |
||